'A' Names by 3 Surnames Quiz Stats

 Plays Quiz Updated Mar 15, 2019

Score 0/20 Timer 05:00
0 Plays Today
% Correct
Arnold
96.6%
Amy
96.2%
Albert
96.1%
Adam
96%
Anne
95.9%
Alicia
94.8%
Alfred
94.3%
Antonio
93.6%
Anthony
93.5%
Ashley
93.4%
% Correct
Amelia
92.3%
Alan
91.4%
Amanda
90.4%
Angela
89.7%
Alexander
89.4%
Anna
88.8%
Andrew
88.1%
Amber
87.6%
Aaron
85.9%
Abigail
73.9%

You're not logged in!

Compare scores with friends on all Sporcle quizzes.
OR
Log In

Sporcle TV

Today on Sporcle TV


Watch our educational content, quiz creation guides, and fun videos on Sporcle TV.

Show Comments

Extras

Top Quizzes Today


Score Distribution

Your Account Isn't Verified!

In order to create a playlist on Sporcle, you need to verify the email address you used during registration. Go to your Sporcle Settings to finish the process.

Report this User

Report this user for behavior that violates our Community Guidelines.

Details: